Statistics for Zodiac Signs by Stereotypes

Click here to take the quiz!

General Stats

  • This quiz has been taken 205 times
  • The average score is 9 of 12

Answer Stats

StereotypeAnswer% Correct
Ancestor of OCDVirgo
85%
Generous and emotionalCancer
84%
Fierce, aggressive, and hard-workingAries
83%
Proud and overprotectiveLeo
81%
Adventurous and exaggerative optimistsSagittarius
75%
Lazy and materialisticTaurus
75%
Curious, sociable, but unreliableGemini
74%
Attractive and undecisiveLibra
73%
Decisive but vengeantScorpio
73%
Adventurous, free-spirited, and independent, also considered weirdosAquarius
71%
Often mistaken as boring and emotionless for working too hardCapricorn
71%
Creative drama queensPisces
69%

Score Distribution

Percentile by Number Answered

Percent of People with Each Score

Your Score History

You have not taken this quiz